[Event "Tatry Open"]
[Site "Tatranske Zruby SVK"]
[Date "2003.10.02"]
[Round "7"]
[White "Meszaros,Mi"]
[Black "Mrva,Mart"]
[Result "0-1"]
[WhiteElo "2292"]
[BlackElo "2470"]

1.e4 c5 2.Nf3 Nc6 3.d4 cxd4 4.Nxd4 Nf6 5.Nc3 d6 6.Bg5 e6 7.Qd2 Qb6 8.O-O-O a6
9.Bxf6 gxf6 10.f4 Qxd4 11.Qxd4 Nxd4 12.Rxd4 Bd7 13.Be2 h5 14.h4 Rg8 15.Bxh5 Rxg2
16.Kb1 Rc8 17.f5 exf5 18.exf5 Bxf5 19.Re1+ Kd8 20.Bxf7 Rxc2 21.Ka1 Rc5 22.Bb3 Re5
23.Red1 Rh2 24.Bd5 b5 25.a3 Bd7 26.Bb7 a5 27.Ne4 Rxh4 28.Nxf6 Rxd4 29.Rxd4 Be6
30.Nd5 Bg7 31.Rd2 Re1+ 32.Ka2 a4 33.Bc6 Rc1 34.Bb7 Kd7 35.Rg2 Be5 36.Rd2 Ke8
37.Ba6 Kd8 38.Bxb5 Rc5 39.Bxa4 Rxd5 40.Rxd5 Bxd5+ 41.Kb1 Be4+ 42.Kc1 Bf4+
43.Kd1 d5 44.Bc6 Kc7 45.Bxd5 Bxd5 46.Kc2 Be5 47.b4 Kb6 48.a4 Bc4 49.Kd2 Bb3
50.a5+ Kb5 51.Ke3 Bc3  0-1

[Event "ECC"]
[Site "Rethymnon GRE"]
[Date "2003.10.03"]
[Round "6"]
[White "Nedev,T"]
[Black "Borriss,M"]
[Result "1-0"]
[WhiteElo "2480"]
[BlackElo "2445"]

1.e4 c5 2.Nf3 d6 3.d4 cxd4 4.Nxd4 Nf6 5.Nc3 Nc6 6.Bg5 e6 7.Qd2 a6 8.O-O-O Bd7
9.f3 h6 10.Be3 Qc7 11.g4 Na5 12.h4 b5 13.Rg1 b4 14.Nb1 e5 15.Nb3 Nc4 16.Bxc4 Qxc4
17.g5 hxg5 18.hxg5 Nh5 19.Nc5 Bc6 20.b3 Qb5 21.Nd3 a5 22.g6 f5 23.Rg5 fxe4
24.Nxe5 dxe5 25.Qh2 Be7 26.Rxe5 Qb8 27.Bc5 O-O 28.Qxh5  1-0

[Event "Tatry Open"]
[Site "Tatranske Zruby SVK"]
[Date "2003.10.04"]
[Round "9"]
[White "Macak,S"]
[Black "Michenka,J"]
[Result "1/2-1/2"]
[WhiteElo "2265"]
[BlackElo "2357"]

1.e4 c5 2.Nf3 Nc6 3.d4 cxd4 4.Nxd4 Nf6 5.Nc3 d6 6.Bg5 e6 7.Qd2 a6 8.O-O-O h6
9.Be3 Bd7 10.f3 Be7 11.g4 Qc7 12.h4 Ne5 13.Be2 Nc4 14.Bxc4 Qxc4 15.g5 hxg5
16.hxg5 Rxh1 17.Rxh1 Ng8 18.g6 fxg6 19.Qg2 O-O-O 20.Qxg6 Bf6 21.Rd1 Ne7 22.Qg2 Nc6
23.Qe2 Ne5 24.f4 Qxe2 25.Ndxe2 Nc4 26.Bg1 Kc7 27.b3 Na5 28.f5 Re8 29.fxe6 Bxe6
30.Bd4 Bxd4 31.Nxd4 Nc6 32.Nxe6+ Rxe6 33.Rg1 g6 34.Kd2 Ne7 35.Rf1 Kc6 36.Rf7  1/2-1/2

[Event "FSGM October"]
[Site "Budapest HUN"]
[Date "2003.10.05"]
[Round "2"]
[White "Antal,Ge"]
[Black "Balogh,C"]
[Result "1/2-1/2"]
[WhiteElo "2473"]
[BlackElo "2449"]

1.e4 c5 2.Nf3 d6 3.d4 cxd4 4.Nxd4 Nf6 5.Nc3 Nc6 6.Bg5 e6 7.Qd2 Be7 8.O-O-O O-O
9.Nb3 Qb6 10.f3 Rd8 11.Nb5 Ne5 12.Qa5 Qxa5 13.Nxa5 b6 14.Nc4 Nxc4 15.Bxc4 Bb7
16.a4 a6 17.Nd4 d5 18.exd5 Nxd5 19.Bxe7 Nxe7 20.Rhe1 b5 21.Bb3 Bd5 22.Bxd5 Nxd5
23.Nc6 Re8 24.Rd4 Kf8 25.Nb4 Nxb4 26.Rxb4 Red8 27.Rd1 Rxd1+ 28.Kxd1 Rd8+
29.Ke2 Rd5 30.c4 Rd4 31.axb5 axb5 32.Rxb5 Rxc4  1/2-1/2

[Event "zt 3.1a"]
[Site "Dubai UAE"]
[Date "2003.10.07"]
[Round "3"]
[White "Al Sayed,Mohamad"]
[Black "Mallahi,A"]
[Result "1-0"]
[WhiteElo "2449"]
[BlackElo "2382"]

1.e4 c5 2.Nf3 d6 3.d4 cxd4 4.Nxd4 Nf6 5.Nc3 Nc6 6.Bg5 e5 7.Bxf6 Qxf6 8.Nd5 Qh4
9.Ne2 Qd8 10.Nec3 Be6 11.Bc4 g6 12.O-O Bg7 13.Nb5 Rc8 14.Ne3 Nd4 15.Bxe6 fxe6
16.a4 a6 17.Na3 Qe7 18.c3 Nc6 19.Qb3 O-O 20.Rad1 Nd8 21.Nac4 Nf7 22.Rd3 Rfd8
23.Rfd1 Bf8 24.Nb6 Rb8 25.h4 Re8 26.g3 Rbd8 27.a5 Kg7 28.Kg2 h5 29.Nec4 Qc7
30.Qa4 Nh6 31.Nxd6 Bxd6 32.Rxd6 Rxd6 33.Rxd6 Qxd6 34.Qxe8 Nf7 35.Qd7 Qc5
36.Qxe6 Qxa5 37.Nd7 Qd8 38.Nxe5 Nxe5 39.Qxe5+ Kh7  1-0

[Event "ch-Africa"]
[Site "Abuja NGR"]
[Date "2003.10.10"]
[Round "1"]
[White "Abdelnabbi,I"]
[Black "Arab,A"]
[Result "1-0"]
[WhiteElo "2484"]
[BlackElo "2241"]

1.e4 c5 2.Nf3 d6 3.d4 cxd4 4.Nxd4 Nf6 5.Nc3 Nc6 6.Bg5 Bd7 7.Qd2 Nxd4 8.Qxd4 Qa5
9.Bd2 Qc7 10.Bc4 e6 11.Bb3 Be7 12.g4 h6 13.f3 Bc6 14.O-O-O a6 15.h4 Nd7 16.g5 hxg5
17.hxg5 Rxh1 18.Rxh1 g6 19.Rh8+ Bf8 20.f4 O-O-O 21.Rh7 Nc5 22.f5 Qb6 23.Kb1 gxf5
24.exf5 e5 25.Qg4 Nxb3 26.axb3 d5 27.Rxf7 d4 28.Na4 Qb5 29.f6+ Kb8 30.g6 d3
31.Rxf8 dxc2+ 32.Ka2 Rxf8 33.g7 Re8 34.g8=Q Bd5 35.Qxe8+ Qxe8 36.Nb6 Be6
37.Qb4 Qf7 38.Be3 c1=Q 39.Bxc1 Qxf6 40.Qd6+ Ka7 41.Nd5  1-0

[Event "ch-Africa"]
[Site "Abuja NGR"]
[Date "2003.10.11"]
[Round "2"]
[White "Bouah,L"]
[Black "Aderito,P"]
[Result "1/2-1/2"]
[WhiteElo "2175"]
[BlackElo "2285"]

1.e4 c5 2.Nf3 d6 3.d4 cxd4 4.Nxd4 Nf6 5.Nc3 Nc6 6.Bg5 Qb6 7.Nb3 e6 8.Qd2 h6
9.Be3 Qc7 10.f3 a6 11.Be2 Be7 12.f4 b5 13.Bf3 Bb7 14.O-O Rc8 15.Rae1 O-O
16.g4 b4 17.Ne2 Nb8 18.Ng3 d5 19.e5 Ne4 20.Bxe4 dxe4 21.Rc1 Bd5 22.c3 bxc3
23.bxc3 Rfd8 24.Qf2 Nd7 25.c4 Ba8 26.c5 Nf8 27.Nd2 Bh4 28.Nc4 Rd3 29.Nd6 Rb8
30.Qe2 Qc6 31.Rb1 Rd8 32.Rb6 Qa4 33.Rfb1 a5 34.Nf1 Bd5 35.Ra6 Ng6 36.Ra7 Rf8
37.Nb7 Rb8 38.Rb6 Rxe3 39.Qxe3 Qd1 40.Nd6 Qxg4+ 41.Ng3 Rxb6 42.cxb6 Nxf4
43.b7 Qd1+ 44.Nf1 Qg4+ 45.Ng3 Bxg3 46.b8=Q+ Kh7 47.hxg3 Qd1+ 48.Kf2 Qc2+
49.Kf1 Qd1+ 50.Kf2 Qc2+ 51.Kf1 Qd1+ 52.Kf2  1/2-1/2

[Event "YM"]
[Site "Zug SUI"]
[Date "2003.10.11"]
[Round "5"]
[White "Papa,S"]
[Black "Rau,H"]
[Result "1/2-1/2"]
[WhiteElo "2401"]
[BlackElo "2372"]

1.e4 c5 2.Nf3 d6 3.d4 cxd4 4.Nxd4 Nf6 5.Nc3 Nc6 6.Bg5 e6 7.Qd2 a6 8.O-O-O h6
9.Nxc6 bxc6 10.Bf4 d5 11.Qe3 Qa5 12.Be2 dxe4 13.Qg3 Nd5 14.Nxd5 cxd5 15.Kb1 Bd7
16.Rd4 Rc8 17.Rhd1 Bc5 18.Qxg7 Bxd4 19.Rxd4 Qe1+ 20.Bd1 Ke7 21.Bg3 Rhg8 22.Bh4+ Kd6
23.Qxf7 Rc4 24.Qf4+ Kc6 25.Rxc4+ dxc4 26.Kc1 Rxg2 27.Bg3 Rxg3 28.hxg3 Be8
29.Qe3 Qxe3+ 30.fxe3 a5 31.Kd2 Kc5 32.Kc3 e5 33.Bg4 Bf7 34.Bf5 Bd5 35.Bg6 Kb5
36.Bh5 Kc5 37.Be2 Be6 38.Bf1 Bf7 39.Bh3 Bg8 40.Bf1 Bf7 41.a3 Bd5 42.Bh3 Bf7
43.Bc8 Bd5 44.Ba6 Be6 45.Bb7 Bf5 46.Ba8 Bg6 47.b3 cxb3 48.cxb3 Bf5 49.b4+ axb4+
50.axb4+ Kb5 51.Bd5 Bg6 52.Bc4+ Kb6 53.Be6 Kb5 54.Bd7+ Kb6 55.Kb3 Bf7+ 56.Ka4 Bc4
57.Ka3 Bf7 58.Kb2 Bc4 59.Kc3 Bd3 60.Bf5 Kb5 61.Bg6 Kb6 62.Bf7 Kb5 63.Bd5 Kb6
64.Bc4 Bb1 65.Kd2 Kc6 66.Ke2 Bc2 67.Kd2 Bb1 68.Kc3 Kb6 69.Bf7 Bd3 70.Bb3 Kb5
71.Bd1 Bb1 72.Bh5 Bd3 73.Be8+ Kb6 74.Kd2 Bc4 75.Ke1 Bb5 76.Bf7 Bd3 77.Kd2 Kb5
78.Kc3 Bb1 79.Be8+ Kb6 80.b5 Kc5 81.Kb3 Bd3 82.Ka4 Kb6 83.Kb4 Be2 84.Bc6 Bd3
85.Be8 Be2 86.Bc6  1/2-1/2

[Event "YM"]
[Site "Zug SUI"]
[Date "2003.10.13"]
[Round "7"]
[White "Szelag,M"]
[Black "Allemann,A"]
[Result "1-0"]
[WhiteElo "2390"]
[BlackElo "2271"]

1.e4 c5 2.Nf3 d6 3.d4 cxd4 4.Nxd4 Nf6 5.Nc3 Nc6 6.Bg5 e6 7.Qd2 a6 8.O-O-O h6
9.Be3 Bd7 10.f3 b5 11.Kb1 Ne5 12.Bd3 b4 13.Nce2 d5 14.exd5 Nxd5 15.Nf4 Nxe3
16.Qxe3 Bd6 17.Qe4 Ra7 18.Rhe1 Nxd3 19.Rxd3 Qc7 20.Ndxe6 Bxe6 21.Nxe6 fxe6
22.Qxe6+ Be7 23.Rd5 Kf8 24.Rf5+ Ke8 25.Rd1 Qd7 26.Rxd7 Rxd7 27.Rd5 Rxd5 28.Qxd5 Rf8
29.Qc6+ Kf7 30.Qc4+  1-0

[Event "ch-Africa"]
[Site "Abuja NGR"]
[Date "2003.10.15"]
[Round "7"]
[White "Campos,E"]
[Black "Abdelnabbi,I"]
[Result "0-1"]
[WhiteElo "2249"]
[BlackElo "2484"]

1.e4 c5 2.Nf3 d6 3.d4 cxd4 4.Nxd4 Nf6 5.Nc3 Nc6 6.Bg5 e6 7.Qd2 a6 8.O-O-O Bd7
9.f4 h6 10.Bxf6 Qxf6 11.e5 dxe5 12.Ndb5 Qd8 13.Nd6+ Bxd6 14.Qxd6 Qe7 15.fxe5 Qxd6
16.exd6 Ne5 17.Bd3 Bc6 18.Be4 Rc8 19.Rhe1 f6 20.Rd4 Kd7 21.Na4 Bxa4 22.Rxa4 Rc5
23.Rd1 Rb8 24.Rad4 f5 25.Bf3 b5 26.Be2 Rb6 27.a4 bxa4 28.Rxa4 a5 29.g4 Rxd6
30.Rg1 g5 31.h4 f4 32.hxg5 hxg5 33.Rh1 Kc6 34.Rh3 Rd8 35.Raa3 Rd4 36.Rh8 f3
37.Bxf3+ Nxf3 38.Rxf3 Rxg4 39.Rc8+ Kd6 40.Rd3+ Rd5 41.Rd8+ Ke5 42.R3xd5+ exd5
43.b3 Re4 44.Kd2 g4 45.Kd3 g3 46.Rc8 Kf4 47.Rf8+ Kg4 48.c4 Re5 49.Kd4 Rf5  0-1

[Event "ch-Africa"]
[Site "Abuja NGR"]
[Date "2003.10.17"]
[Round "9"]
[White "Chumfwa,S"]
[Black "Chahrani,I"]
[Result "1-0"]
[WhiteElo "2318"]
[BlackElo "2246"]

1.e4 c5 2.Nf3 Nc6 3.d4 cxd4 4.Nxd4 Nf6 5.Nc3 d6 6.Bg5 e6 7.Qd2 a6 8.O-O-O Nxd4
9.Qxd4 Be7 10.f4 b5 11.Bxf6 gxf6 12.Kb1 Qc7 13.Qe3 b4 14.Ne2 Bd7 15.Nd4 O-O
16.Bd3 a5 17.e5 dxe5 18.Bxh7+ Kxh7 19.Qh3+ Kg7  1-0

[Event "300 Years Women"]
[Site "St Petersburg RUS"]
[Date "2003.10.18"]
[Round "1"]
[White "Aseeva,M"]
[Black "Shaidullina,S"]
[Result "0-1"]
[WhiteElo "2131"]
[BlackElo "2320"]

1.e4 c5 2.Nf3 d6 3.d4 cxd4 4.Nxd4 Nf6 5.Nc3 Nc6 6.Bg5 e6 7.Qd2 a6 8.O-O-O Bd7
9.f4 b5 10.Nxc6 Bxc6 11.e5 dxe5 12.Qe1 Qa5 13.Nd5 Qxe1 14.Nc7+ Ke7 15.Rxe1 Ra7
16.Nxb5 axb5 17.fxe5 Rxa2 18.Kb1 Ra4 19.Be2 h6 20.exf6+ gxf6 21.Bd2 Rg8 22.Rhg1 f5
23.Bd3 Kd7 24.Re5 Bg7 25.Ree1 b4 26.Bf4 Rga8 27.Kc1 Ra1+ 28.Kd2 Rxe1 29.Rxe1 Bxb2
30.Re2 Bc3+ 31.Ke3 h5 32.h4 Ra1 33.Kf2 Rh1 34.Kg3 Be1+  0-1

[Event "TCh-BEL 2003-4"]
[Site "Belgium BEL"]
[Date "2003.10.19"]
[Round "2"]
[White "Wantiez,F"]
[Black "Boidman,Y"]
[Result "1/2-1/2"]
[WhiteElo "2183"]
[BlackElo "2429"]

1.e4 c5 2.Nf3 Nc6 3.d4 cxd4 4.Nxd4 Nf6 5.Nc3 d6 6.Bg5 e6 7.g3 Be7 8.Bg2 O-O
9.O-O h6 10.Be3 a6 11.Qe2 Qc7 12.Rad1 Ne5 13.f4 Nc4 14.Bc1 e5 15.fxe5 dxe5
16.Nf5 Bxf5 17.Rxf5 Nxb2 18.Bxb2 Qb6+ 19.Kh1 Qxb2 20.Nd5 Nxd5 21.exd5 Rac8
22.Be4 g6 23.d6 Bxd6 24.Qg4 Rxc2 25.Bxc2 Qxc2 26.Rf6 h5 27.Qf3 e4 28.Qb3 Qxb3
29.axb3 Bc5 30.Rd5 Rc8 31.Kg2 Rc7 32.h3 Kg7 33.Rf1 b6 34.Re5 e3 35.Rd1 a5
36.Kf3 Rc6 37.Ke2 f5 38.g4 hxg4 39.hxg4 fxg4 40.Rg5 Rf6 41.Rxg4 Rf2+ 42.Kd3 Rb2
43.Kc3 Rd2 44.Rdg1 Rd6 45.Re4 Kf7 46.Rf1+ Rf6 47.Rxf6+ Kxf6 48.Kd3 g5 49.Ke2 Kf5
50.Kf3 b5 51.Re8 g4+ 52.Ke2 Kf4 53.Rc8 Bd4 54.Rf8+ Ke4 55.Rg8 Kf4 56.Rf8+ Ke5
57.Rg8 a4 58.bxa4 bxa4 59.Rg5+ Kf4 60.Ra5 g3 61.Rxa4  1/2-1/2

[Event "300 Years"]
[Site "St Petersburg RUS"]
[Date "2003.10.19"]
[Round "2"]
[White "Melnikova,Y"]
[Black "Kiselev,S"]
[Result "0-1"]
[WhiteElo "2246"]
[BlackElo "2415"]

1.e4 c5 2.Nf3 Nc6 3.d4 cxd4 4.Nxd4 Nf6 5.Nc3 d6 6.Bg5 Qb6 7.Nb3 e6 8.Qd2 Be7
9.O-O-O O-O 10.f3 Rd8 11.Nb5 Rd7 12.Qe1 a6 13.N5d4 Nxd4 14.Nxd4 Qc7 15.g4 b5
16.Kb1 Bb7 17.h4 Rc8 18.Bd3 Qd8 19.Qg3 b4 20.Bd2 d5 21.e5 Ne4 22.Qe1 Nxd2+
23.Qxd2 Qb6 24.g5 Bc5 25.Nb3 Be3 26.Qg2 a5 27.h5 a4 28.Nd2 Ba6 29.Bxa6 Qxa6
30.Ne4 Rdc7 31.Nd6 Rxc2 32.Qxc2 Rxc2 33.Kxc2 Qe2+ 34.Kb1 a3  0-1

[Event "After Holidays IM"]
[Site "Tel Aviv ISR"]
[Date "2003.10.22"]
[Round "4"]
[White "Shutzman,J"]
[Black "Reznik,Vi"]
[Result "1/2-1/2"]
[WhiteElo "2261"]
[BlackElo "2296"]

1.e4 c5 2.Nf3 d6 3.d4 cxd4 4.Nxd4 Nf6 5.Nc3 Nc6 6.Bg5 e6 7.Qd2 h6 8.Bxf6 gxf6
9.O-O-O a6 10.f4 Qb6 11.Nf3 Qa5 12.Bc4 Bd7 13.Kb1 Rg8 14.g3 O-O-O 15.Rhf1 f5
16.exf5 Qxf5 17.Qe2 Kb8 18.Nh4 Qa5 19.Ne4 Bc8 20.f5 d5 21.Nf6 Rg7 22.Bb3 Qc5
23.Nh5 Rg5 24.Nf4 Bg7 25.Nd3 Qe7 26.fxe6 fxe6 27.Nf3 Rf5  1/2-1/2

[Event "9th Medunarodni"]
[Site "Tuzla BIH"]
[Date "2003.10.22"]
[Round "7"]
[White "Avdil,H"]
[Black "Kiss,At"]
[Result "1-0"]
[WhiteElo "2221"]
[BlackElo "2397"]

1.e4 c5 2.Nf3 Nc6 3.d4 cxd4 4.Nxd4 Nf6 5.Nc3 d6 6.Bg5 e6 7.Qd2 a6 8.O-O-O Qb6
9.f4 Nxd4 10.Qxd4 Qxd4 11.Rxd4 h6 12.Bh4 Be7 13.Bxf6 gxf6 14.Na4 Bd8 15.Be2 b5
16.Nc3 Bb6 17.Rd3 Ke7 18.Bf3 Ra7 19.Rhd1 Rc7 20.a4 Bd7 21.Rxd6 Be3+ 22.Kb1 Bxf4
23.Rxa6 bxa4 24.Nxa4 Bxh2 25.b3 Rb8 26.Nb2 Be5 27.Ra3 Bb5 28.Nd3 Bc3 29.Nc1 Rbc8
30.Ra2 Rc5 31.Ne2 Be5 32.c4 Be8 33.Ra7+ Kf8 34.Kc2 R5c6 35.Nc3 Rb6 36.Na4 Rbb8
37.Nc3 Kg7 38.Na4 Kg6 39.Nc3 Kg5 40.Rh1 Rb4 41.Na2 Rb6 42.Rh5+ Kg6 43.Rh1 Rd8
44.Rd1 Rdb8 45.b4 Kg5 46.c5 Rb5 47.Rb1 Rc8 48.Nc3 Rbb8 49.Be2 Kf4 50.Bf3 Bxc3
51.Kxc3 Rxc5+ 52.bxc5 Rxb1 53.Re7 Rb8 54.Kd4 Rd8+ 55.Kc4 Ke5 56.Rc7 Rd4+
57.Kc3 Bb5 58.Rxf7 Bc6 59.Rxf6 Ra4 60.Rxh6 Ra3+ 61.Kd2 Ra5 62.Ke3 Ra3+ 63.Kf2 Rc3
64.Rh5+ Kd4 65.Rh6 Ke5 66.Rh5+ Kd4 67.Kg3 e5 68.Rh6 Rxc5 69.Rd6+ Ke3 70.Rd1 Bb7
71.Re1+ Kd4 72.Kg4 Rc8 73.Rd1+ Ke3 74.Kf5 Re8 75.Kf6 Kf4 76.Rf1 Rf8+ 77.Kg7 Rd8
78.Be2+ Ke3 79.Bf3 Kf4 80.Rh1 Rd6 81.Kf7 Bc6 82.Ke7 Rg6 83.Rh4+ Kg3 84.Rh5 Kf4
85.Rf5+ Ke3 86.Kf7 Rg3 87.Rxe5 Kd4 88.Rf5 Bb7 89.e5 Ba6 90.e6 Bc4 91.Rf4+ Kc5
92.Rxc4+  1-0

[Event "300 Years"]
[Site "St Petersburg RUS"]
[Date "2003.10.24"]
[Round "7"]
[White "Kim,Alex"]
[Black "Lugovoi,A"]
[Result "1/2-1/2"]
[WhiteElo "2439"]
[BlackElo "2553"]

1.e4 c5 2.Nf3 d6 3.d4 cxd4 4.Nxd4 Nf6 5.Nc3 Nc6 6.Bg5 e6 7.Qd2 a6 8.O-O-O Bd7
9.f4 h6 10.Bh4 g5 11.fxg5 Ng4 12.Be2 Nge5 13.Nf3 Be7 14.Rhg1 b5 15.Rdf1 b4
16.Nd1 hxg5 17.Bxg5 Bxg5 18.Nxg5 Qa5 19.Kb1 b3 20.Qxa5 bxc2+ 21.Kxc2 Nxa5
22.h3 Ke7 23.Nc3 Nac6 24.Nf3 Nxf3 25.Bxf3 Ne5 26.Rf2 Bc6 27.Rd1 Rh4 28.Rd4 Nxf3
29.gxf3 d5 30.Re2 Rc8 31.Kb3 f5 32.Rd3 dxe4  1/2-1/2

[Event "300 Years"]
[Site "St Petersburg RUS"]
[Date "2003.10.24"]
[Round "7"]
[White "Anisimov,P"]
[Black "Klimov,S"]
[Result "0-1"]
[WhiteElo "2445"]
[BlackElo "2512"]

1.e4 c5 2.Nf3 d6 3.d4 cxd4 4.Nxd4 Nf6 5.Nc3 Nc6 6.Bg5 e6 7.Qd2 a6 8.O-O-O Bd7
9.f3 Be7 10.h4 b5 11.Nxc6 Bxc6 12.g4 Rc8 13.Bd3 O-O 14.Ne2 Bb7 15.Bxf6 Bxf6
16.g5 Be7 17.Rhg1 Qb6 18.Kb1 d5 19.e5 Bc5 20.Rg4 Kh8 21.h5 Be3 22.Qe1 d4
23.Qg3 Bd5 24.Nf4 Bc4 25.Qh2 Bxd3 26.Nxd3 Qc6 27.Rf1 Rc7 28.Rg2 a5 29.Qg3 b4
30.f4 Rfc8 31.Qf3 Qb5 32.Qe4 a4 33.b3 axb3 34.cxb3 Rc3 35.Rd1 Qa6 36.g6 Qa3
37.Rb2 Qa6 38.Rg2 Rxd3 39.Qxd3 Rc1+ 40.Rxc1 Qxd3+ 41.Rcc2 hxg6 42.hxg6 fxg6
43.Rh2+ Kg8 44.Kb2 Qa6  0-1

[Event "TCh-FIN 2003-4"]
[Site "Finland FIN"]
[Date "2003.10.25"]
[Round "3"]
[White "Kosmo,S"]
[Black "Kujala,A"]
[Result "1/2-1/2"]
[WhiteElo "2180"]
[BlackElo "2280"]

1.e4 c5 2.Nf3 Nc6 3.d4 cxd4 4.Nxd4 Nf6 5.Nc3 d6 6.Bg5 e6 7.Qd2 a6 8.O-O-O Bd7
9.Be2 Qa5 10.f4 h6 11.Bh4 Be7 12.Bf2 Nxd4 13.Qxd4 e5  1/2-1/2

[Event "300 Years"]
[Site "St Petersburg RUS"]
[Date "2003.10.25"]
[Round "8"]
[White "Bryzgalin,K"]
[Black "Kotsur,P"]
[Result "0-1"]
[WhiteElo "2435"]
[BlackElo "2552"]

1.e4 c5 2.Nf3 d6 3.d4 cxd4 4.Nxd4 Nf6 5.Nc3 Nc6 6.Bg5 e6 7.Qd2 a6 8.O-O-O Bd7
9.f4 b5 10.Qe2 Nxd4 11.Rxd4 Qb6 12.Bxf6 gxf6 13.Rd2 h5 14.Kb1 Rc8 15.Qf3 Qa5
16.Rd1 b4 17.Ne2 Qc5 18.Qd3 Bb5 19.Qd2 Bc6 20.Qd3 Bh6 21.g3 f5 22.Bg2 Qf2
23.Bf3 fxe4 24.Bxe4 Bb5 25.Qd4 Qxd4 26.Nxd4 Ke7 27.Rhe1 Rc5 28.Nxb5 Rxb5
29.f5 Bg7 30.fxe6 fxe6 31.Bd3 Rb6 32.Rf1 a5 33.Rf3 Rh6 34.Rdf1 Bf6 35.Be2 a4
36.Kc1 d5 37.R1f2 a3 38.b3 Rb8 39.Kd1 Bd4 40.Rf7+ Kd6 41.R2f4 Be3 42.Rh4 Bg5
43.Rxh5 Rxh5 44.Bxh5 Rh8 45.g4 Kc5 46.Ke2 Kd4 47.Rf3 e5 48.Rd3+ Kc5 49.Rf3 Rh6
50.h3 Rf6 51.Rxf6 Bxf6 52.g5 Bxg5 53.c3 bxc3 54.Kd3 Kb4 55.Kc2 e4 56.Bg6 Bf6
57.Bh7 Kc5 58.Bg6 Kd4 59.Bf7 Be7 60.h4 Bxh4 61.b4 Be7 62.b5 Bc5 63.Bg8 Bb6
64.Bf7 Ba5 65.Bh5 Kc5  0-1

[Event "CCAS Open"]
[Site "Cap d'Agde FRA"]
[Date "2003.10.27"]
[Round "6"]
[White "Fontaine,R"]
[Black "Bernard,C"]
[Result "1-0"]
[WhiteElo "2526"]
[BlackElo "2333"]

1.e4 c5 2.Nf3 d6 3.d4 cxd4 4.Nxd4 Nf6 5.Nc3 Nc6 6.Bg5 e6 7.Qd2 Be7 8.O-O-O O-O
9.f4 h6 10.Bh4 e5 11.Nxc6 bxc6 12.fxe5 dxe5 13.Qxd8 Rxd8 14.Bc4 Bg4 15.Rd3 Rxd3
16.cxd3 Kf8 17.h3 Bh5 18.g4 Bg6 19.Bf2 Nd7 20.Kc2 a5 21.Na4 Bd6 22.Rc1 Ke7
23.Kd2 f6 24.Bb3 Ra6 25.Ke2 Bf7 26.Bxf7 Kxf7 27.Nb6 Nb8 28.Rc3 Ke6 29.Nc4 Nd7
30.Rb3 Bc5 31.Bxc5 Nxc5 32.Rb8 Ra7 33.Rc8 Kd7 34.Nb6+ Kd6 35.Ke3 Ne6 36.Re8 Ra6
37.Na4 Ra7 38.h4 Nc5 39.Nb6 Ra6 40.Nc4+ Kd7 41.Rb8 Ra7 42.b3 Ne6 43.Rg8 Ke7
44.Rc8 Nd4 45.g5 hxg5 46.hxg5 a4 47.b4 Nc2+ 48.Kd2 Nxb4 49.a3 Na6 50.Rxc6 Nb8
51.gxf6+ gxf6 52.Rb6 Nd7 53.Rb4 Nc5 54.Nb6 Ke6 55.Nd5 Nd7 56.Rc4 Kd6 57.Nc3 Rb7
58.Rxa4 Rb2+ 59.Ke3 Nc5 60.Rb4 Rb3 61.Rxb3 Nxb3 62.Ne2 Kc5 63.Ng3 Nd4 64.Kd2 Kb5
65.Kc3 Ka4 66.Kb2 Ne6 67.Ne2 Nc5 68.Nc3+ Ka5 69.Kc2 Ne6 70.Kb3 f5 71.exf5 Nd4+
72.Kc4 Nxf5 73.Kd5 Ne3+ 74.Kxe5 Nc2 75.Nb1 Kb5 76.d4 Ne3 77.Ke4 Nc4 78.Kd3 Nb2+
79.Kc3 Nd1+ 80.Kb3 Ne3 81.a4+ Kc6 82.Nc3 Kb6 83.Kb4 Nc2+ 84.Kc4 Ne3+ 85.Kd3 Nf5
86.Ke4 Nd6+ 87.Ke5 Nc4+ 88.Ke6 Ka5 89.d5 Kb4 90.d6 Na5 91.Kd5 Kxc3 92.d7 Nb7
93.a5  1-0

[Event "After Holidays GM"]
[Site "Tel Aviv ISR"]
[Date "2003.10.28"]
[Round "9"]
[White "Livshits,G"]
[Black "Vydeslaver,Ali"]
[Result "1/2-1/2"]
[WhiteElo "2409"]
[BlackElo "2449"]

1.e4 c5 2.Nf3 d6 3.d4 cxd4 4.Nxd4 Nf6 5.Nc3 Nc6 6.Bg5 e6 7.Qd2 Be7 8.O-O-O O-O
9.f4 Nxd4 10.Qxd4 Qa5 11.Qd2 b6 12.Kb1 Bb7 13.Bd3 Rfd8 14.Rhe1 h6 15.Bh4 Qh5
16.Bg3 d5 17.exd5 Nxd5 18.Nxd5 Bxd5 19.h3 Bf6 20.Qe2 Qxe2 21.Rxe2 Rd7 22.Red2 Rad8
23.Kc1 Be7 24.a3 h5 25.Bb5 Rd6 26.f5 Bg5 27.Bxd6 Rxd6 28.fxe6 fxe6 29.Kb1 Bxd2
30.Rxd2 Kf7 31.Kc1 Ke7 32.g3  1/2-1/2

[Event "WYb14"]
[Site "Halkidiki GRE"]
[Date "2003.10.29"]
[Round "7"]
[White "Wang Hao"]
[Black "Rohit,G"]
[Result "1-0"]
[WhiteElo "2215"]
[BlackElo "2346"]

1.e4 c5 2.Nf3 d6 3.d4 cxd4 4.Nxd4 Nf6 5.Nc3 Nc6 6.Bg5 e6 7.Qd2 a6 8.O-O-O h6
9.Nxc6 bxc6 10.Bf4 d5 11.Qe3 Bd7 12.Be2 Qa5 13.Qg3 Rc8 14.Kb1 dxe4 15.Be5 c5
16.Qf4 Be7 17.g4 O-O 18.g5 hxg5 19.Qxg5 Ne8 20.Qxe7  1-0

[Event "WYb18"]
[Site "Halkidiki GRE"]
[Date "2003.10.31"]
[Round "9"]
[White "Ibarra Jerez,JC"]
[Black "Daskevics,Va"]
[Result "1/2-1/2"]
[WhiteElo "2413"]
[BlackElo "2314"]

1.e4 c5 2.Nf3 Nc6 3.d4 cxd4 4.Nxd4 Nf6 5.Nc3 d6 6.Bg5 e6 7.Qd2 a6 8.O-O-O h6
9.Be3 Be7 10.f3 Nxd4 11.Qxd4 b5 12.Kb1 Qa5 13.e5 dxe5 14.Qxe5 O-O 15.Bd4 Bb7
16.Bc4 Ne8 17.Bb3 Bf6 18.Qe3 Bxd4 19.Rxd4 Nf6 20.Rhd1 Qc7 21.Rd6 Rfd8 22.Qb6 Qxb6
23.Rxb6 Rxd1+ 24.Nxd1 Rb8 25.a4 Kf8 26.axb5 Nd7 27.Rd6 Ke7 28.Rd4 axb5 29.Nc3 Bc6
30.Na2 Nc5 31.Nb4 Be8 32.Ba2 Rd8 33.Rxd8 Kxd8 34.Kc1 Kc7 35.Kd2 Kd6 36.Nd3 e5
37.c3 f5 38.Nxc5 Kxc5 39.b4+ Kd6 40.c4 bxc4 41.Bxc4 Bc6 42.Bd3 Ke6 43.Kc3 Bb7
44.Kc4 e4 45.fxe4 fxe4 46.Be2 Ke5 47.g3 g6 48.b5 h5 49.h4 Kf5 50.Kd4 Ba8
51.Bf1 Kg4 52.Bg2 e3 53.Bf1 Kf3 54.Kd3 Kf2 55.Be2 Bf3 56.Bxf3 Kxf3 57.b6 e2
58.b7 e1=Q 59.b8=Q Qxg3 60.Qd8 Kg4+ 61.Ke2 Qh2+ 62.Kf1 Qh1+ 63.Ke2 Qf3+ 64.Ke1 Qg3+
65.Kf1 Qxh4 66.Qd7+ Kg5 67.Qd8+  1/2-1/2

[Event "WYb18"]
[Site "Halkidiki GRE"]
[Date "2003.11.01"]
[Round "10"]
[White "Kurnosov,I"]
[Black "Heberla,B"]
[Result "1/2-1/2"]
[WhiteElo "2527"]
[BlackElo "2420"]

1.e4 c5 2.Nf3 Nc6 3.d4 cxd4 4.Nxd4 Nf6 5.Nc3 d6 6.Bg5 Bd7 7.Qd2 Nxd4 8.Qxd4 h6
9.Bxf6 gxf6 10.Bb5 Bxb5 11.Nxb5 Qa5+ 12.Nc3 Rc8 13.O-O Bg7 14.a4 Qc5 15.Qd1 f5
16.exf5 Bxc3 17.bxc3 Qxf5 18.Re1 Qf6 19.Rb1 b6 20.a5 O-O 21.axb6 axb6 22.Rxb6 Rxc3
23.Rb7 e6 24.Qxd6 Rxc2 25.Qg3+ Qg5 26.Qxg5+ hxg5 27.Rb5 f6 28.h4 gxh4 29.Rxe6 Rc4
30.Rf5 Kg7 31.Kh2 Kg6 32.Rf3 Rd4 33.Kh3 Rc4 34.Rd6 Re4 35.Rc6 Rd4 36.Rc5 Rfd8
37.Rcf5 R8d6 38.R3f4 Rxf4 39.Rxf4 Kg5 40.Rg4+ Kf5 41.Rxh4 Rd3+ 42.f3 Ra3
43.Rh5+ Kg6 44.Rd5 Ra4 45.Rd2 Kg5 46.Re2 Rb4 47.Kg3 Kf5 48.Re8 Ra4 49.Rg8 Rb4
50.Kh3 Ra4 51.Rg7 Ra3 52.Kh4 Ra1 53.Rg4 Rh1+ 54.Kg3 Ra1 55.Rb4 Ra5 56.Kh4 Kg6
57.Rg4+ Kh6 58.Rg8 Kh7 59.Rc8 Kg6 60.g4 Ra4 61.Rc6 Rb4 62.Rc5 Ra4 63.Kg3 Ra3
64.Rc4 Rb3 65.Kf4 Ra3 66.Re4 Rb3 67.Re3 Rb4+ 68.Kg3 Rb1 69.f4 Rg1+ 70.Kh4 Rf1
71.f5+ Kh6 72.Re8 Kg7 73.Re7+ Kh6 74.Re8 Kg7 75.Kg3 Rg1+ 76.Kf3 Rf1+ 77.Kg2 Ra1
78.Rd8 Rb1 79.Rd3 Ra1 80.Kf3 Rf1+ 81.Ke4 Re1+ 82.Re3 Rg1 83.Kf4 Rf1+ 84.Rf3 Ra1
85.Kg3 Rg1+ 86.Kh4 Kh6 87.Rc3 Rh1+ 88.Kg3 Rg1+ 89.Kf3 Rf1+ 90.Kg2 Rf4 91.Kh3  1/2-1/2

[Event "Autumn"]
[Site "Venice ITA"]
[Date "2003.11.01"]
[Round "3"]
[White "Navarro,S"]
[Black "Di Lazzaro,G"]
[Result "1/2-1/2"]
[WhiteElo "2127"]
[BlackElo "2013"]

1.e4 c5 2.Nf3 d6 3.d4 cxd4 4.Nxd4 Nf6 5.Nc3 Nc6 6.Bg5 e6 7.Qd2 Be7 8.O-O-O O-O
9.f3 h6 10.Be3 Nxd4 11.Qxd4 a6 12.g4 Qa5 13.h4 b5 14.Kb1 b4 15.Ne2 e5 16.Qd2 Be6
17.b3 Ne8 18.Bh3 Nc7 19.Qe1 Nb5 20.Bc1 Rfc8 21.Bb2  1/2-1/2

[Event "FSGM November"]
[Site "Budapest HUN"]
[Date "2003.11.05"]
[Round "5"]
[White "Kayumov,S"]
[Black "Wittmann,W"]
[Result "1/2-1/2"]
[WhiteElo "2434"]
[BlackElo "2333"]

1.e4 c5 2.Nf3 d6 3.d4 cxd4 4.Nxd4 Nf6 5.Nc3 Nc6 6.Bg5 e6 7.Qd2 Be7 8.O-O-O Nxd4
9.Qxd4 O-O 10.f4 h6 11.Bh4 Qa5 12.Bc4 Qh5 13.Bg3 Rd8 14.Rhe1 Bd7 15.e5 dxe5
16.Rxe5 Bc6 17.Nd5 exd5 18.Rxh5 dxc4 19.Qe3 Rxd1+ 20.Kxd1 Rd8+ 21.Kc1 Nxh5
22.Qxe7 Re8 23.Qc5 Nxg3 24.hxg3 Re2 25.Qxc4 Rxg2 26.Qd3 g6 27.c4 h5 28.f5 gxf5
29.Qxf5 Rxg3 30.Qxh5 a6 31.Kd2 Rg2+ 32.Kc3 Rg6 33.b4 Kg7 34.b5 axb5 35.cxb5 Bg2
36.Qe5+ Kg8 37.a4 Bh1 38.Qe8+ Kg7 39.Qe5+ Kg8 40.a5 Bg2 41.Kd4 Bh1 42.Kc5 Bg2
43.Qh2 Kg7 44.Kd4 Kg8 45.Ke3 Kf8 46.Kf2 Ke7 47.Qc7+ Ke8 48.Qc8+ Ke7 49.Qc5+ Ke8
50.Qe5+ Kf8 51.Qh5 Ke8 52.Qc5 Be4 53.Qc8+ Ke7 54.Qc7+ Ke8 55.Qb8+ Ke7 56.Qa7 Ke8
57.Qa8+ Kd7 58.Qf8 Bd5 59.Ke3 Rg4 60.Qc5 Re4+ 61.Kd3 Ke6 62.Qc8+ Kd6 63.Qd8+ Ke6
64.Qe8+ Kd6 65.Qd8+ Ke6 66.Qc7 Ra4 67.Qc8+ Kd6 68.Qf8+ Ke6 69.Qh6+ Kd7 70.Qb6 f5
71.a6 bxa6 72.Qa7+ Kd6 73.b6 Ra3+ 74.Kd2 Rb3 75.Qxa6 Kc5 76.Qa5+ Kc6 77.Qa7 Rxb6
78.Kc3 Rb5 79.Qa8+ Kc5 80.Qa7+ Kc6 81.Qa8+ Kc5 82.Qc8+ Kd6 83.Qxf5 Rb3+ 84.Kd4 Rb4+
85.Kc3 Rb3+ 86.Kc2 Rf3 87.Qc8 Ke5 88.Kd2  1/2-1/2

[Event "FSGM November"]
[Site "Budapest HUN"]
[Date "2003.11.05"]
[Round "5"]
[White "Bluvshtein,M"]
[Black "Ovsejevitsch,S"]
[Result "1/2-1/2"]
[WhiteElo "2463"]
[BlackElo "2510"]

1.e4 c5 2.Nf3 d6 3.d4 cxd4 4.Nxd4 Nf6 5.Nc3 Nc6 6.Bg5 Qb6 7.Nb3 e6 8.Qd2 Be7
9.O-O-O O-O 10.f3 a6 11.h4 Rd8 12.h5 d5 13.exd5 Nxd5 14.Bxe7 Ndxe7 15.Bd3 h6
16.g4 Nd5 17.Nxd5 Rxd5 18.c4 Rd7 19.Qe2 a5 20.c5 Qd8 21.a4 e5 22.Rhe1 Qf6
23.Kb1 Rd8 24.Nd2 Be6 25.Bb5 Nd4 26.Qe3 Qg5 27.Qc3 Qf4 28.Re4 Qh2 29.Bc4 Rac8
30.Nb3 Bxc4 31.Qxc4 Nxf3 32.Rf1 Ng5 33.Re2 Qh3 34.Rxe5 Rd3 35.Nc1 Qxf1 36.Qxd3 Qxd3+
37.Nxd3 Ne6 38.Rd5 Kf8 39.Ka2 Ke7 40.b4 axb4 41.Kb3 Rd8  1/2-1/2